Books of the Bible with 6 letters - Statistics

General Stats
  • This quiz has been taken 322 times
  • The average score is 8 of 11
Answer Stats
Book % Correct
Exodus
89%
Psalms
85%
Esther
80%
Joshua
80%
Judges
77%
Romans
72%
Daniel
68%
Isaiah
68%
1 Samuel
57%
2 Samuel
57%
Haggai
49%
No matching quizzes found
Score Distribution
Percent of People with Each Score
Percentile by Number Answered
Your Score History
You have not taken this quiz